| 000 | 00481nam a22001817a 4500 | ||
|---|---|---|---|
| 005 | 20151021063522.0 | ||
| 008 | 140313b xxu||||| |||| 00| 0 eng d | ||
| 020 | _a1570399190 | ||
| 080 | _a510.2 | ||
| 245 | _aEveryday Mathematics/ | ||
| 250 | _a1 st.ed.; | ||
| 260 |
_aNew York, _bMcGraw Hill, _c2002, |
||
| 300 |
_a404 f.: _bme il.; _c28 cm, |
||
| 500 | _aPërfshin indeksin f. 395-404 | ||
| 650 | _aBazat e Matematikës, | ||
| 650 | _aMatematika Elementare, | ||
| 942 |
_2udc _cBK |
||
| 999 |
_c421 _d421 |
||